000 00306nam a22001337a 4500
008 190205b xxu||||| |||| 00| 0 eng d
020 _a9780538867245
041 _aeng
080 _213th
_a330.722.6
100 _a61
101 _aKF
245 _aIntermediate Accounting
_cSkousen,K.F
942 _2udc
_cBK
999 _c53981
_d53981